Lignes de Bus de Saint-Nazaire - Statistiques

Statistiques générales
  • Ce quiz a été pris 76 fois
  • Le résultat moyen est 10 sur 31
Statistiques - réponses
Ligne Terminus % Correct
Hélyce Université
87%
U1 Gare SNCF
69%
T3 Gare SNCF
69%
T4 Gare SNCF
69%
C1 Gare SNCF
69%
C2 Gare SNCF
69%
T5 Gare SNCF (Redon)
69%
T5 Gare SNCF (Saint-Nazaire)
69%
U4 Petit Maroc
63%
Hélyce Mairie de Trignac
61%
C1 Mairie de Trignac
61%
Hélyce Montoir L'Ormois
41%
U1 Pré Hembert
39%
U2 Voltaire - Landettes
33%
U2 Le Grand Pez
31%
U3 Halles de Penhoët
26%
U4 Chalands Fleuris
22%
ZeniBus Hôtel de Ville
19%
L13 Cité Sanitaire
17%
L13 Gare de La Baule
17%
U3 Chemin de la Source
15%
T4 Mairie de Donges
13%
C2 Bois de Brais
6%
T3 Mayun
4%
ZeniBus Parking du Théâtre
4%
C2 Trévelan
4%
L13 Le Guézy
2%
T5 Boule d'Or (Pontchâteau)
0%
T5 Le Bourg (Missillac)
0%
T5 Mairie (Guenrouët)
0%
T5 Z.A Harrois (Besné)
0%
Aucun quiz correspondant
Distribution des résultats
% des personnes avec chaque résultat
Percentile par nombre de réponses
Votre historique - résultats
Vous n’avez pas pris ce quiz